Close-Up 'E' Images Quiz Stats

 Plays Quiz Updated Jul 2, 2018

Challenge
Share
Tweet
Score 0/20 Timer 03:00
1 Play Today
% Correct
Egg
98.5%
Elephant
97.9%
Eyeball
97.3%
Earphones
95.9%
Eagle
92.7%
Elbow
92.5%
Elk
86.6%
Elevator
86.1%
Envelope
83.9%
Engine
82.4%
% Correct
Eraser
79.8%
Emu
77.7%
Eel
77.2%
Emerald
77.1%
Enchiladas
70.5%
Emmy Award
70.2%
Earth
63.4%
Embers
56.6%
Egret
55.2%
Edamame
49.3%

You're not logged in!

Compare scores with friends on all Sporcle quizzes.
Join for Free
OR
Log In

You Might Also Like...

Show Comments

Extras

Top Quizzes Today


Score Distribution

Your Account Isn't Verified!

In order to create a playlist on Sporcle, you need to verify the email address you used during registration. Go to your Sporcle Settings to finish the process.

Report this User

Report this user for behavior that violates our Community Guidelines.

Details: